|
|
|
|
| LEADER |
00000naa0a2200000 4500 |
| 001 |
600006 |
| 005 |
20250127113425.0 |
| 035 |
|
|
|a (RuTPU)RU\TPU\tpu\24192
|
| 035 |
|
|
|a RU\TPU\tpu\24191
|
| 090 |
|
|
|a 600006
|
| 100 |
|
|
|a 20131217d2007 k||y0rusy50 ca
|
| 101 |
0 |
|
|a rus
|
| 102 |
|
|
|a RU
|
| 200 |
1 |
|
|a Формфакторы релятивистских электронных сгустков в когерентном излучении
|f Г. А. Науменко
|
| 333 |
|
|
|a В фонде НТБ ТПУ отсутствует
|
| 461 |
|
|
|t Известия вузов. Физика
|f Министерство общего и профессионального образования Российской Федерации ; Томский Госуниверситет
|d 1958-
|
| 463 |
|
|
|t Т. 50, № 10/3
|v С. 199-205
|d 2007
|
| 610 |
1 |
|
|a труды учёных ТПУ
|
| 700 |
|
1 |
|a Науменко
|b Г. А.
|c физик
|c ведущий научный сотрудник Томского политехнического университета
|f 1947-
|g Геннадий Андреевич
|3 (RuTPU)RU\TPU\pers\26566
|
| 801 |
|
1 |
|a RU
|b 63413507
|c 20131217
|
| 801 |
|
2 |
|a RU
|b 63413507
|c 20160211
|g RCR
|
| 942 |
|
|
|c CR
|